[Event "Bazna Kings 4th"]
[Site "Medias"]
[Date "2010.06.16"]
[Round "3"]
[White "Carlsen, Magnus"]
[Black "Gelfand, Boris"]
[Result "1/2-1/2"]
[WhiteElo "2813"]
[BlackElo "2741"]
[Annotator "Rogozenco,Dorian"]
[PlyCount "80"]
[EventDate "2010.06.14"]
[EventType "tourn"]
[EventRounds "10"]
[EventCountry "ROU"]
[EventCategory "20"]
[SourceTitle "CBM 137"]
[Source "ChessBase"]
[SourceDate "2010.07.15"]
[SourceVersion "1"]
[SourceVersionDate "2010.07.15"]
[SourceQuality "1"]

1. d4 d5 2. c4 c6 3. Nf3 Nf6 4. Nc3 e6 5. Bg5 h6 6. Bxf6 (6. Bh4 {leads to the very sharp Moscow Variation, where these days the home preparation and good memory are much more important than anything else. Carlsen's move is more quiet, leading to a strategical battle.}) 6... Qxf6 7. e3 Nd7 8. Bd3 dxc4 9. Bxc4 Bd6 ({A much more popular continuation is} 9... g6 {- a move which Gelfand played many times before.}) 10. Ne4 ({In case of} 10. O-O {with the idea 11.e4 Black plays} Qe7) 10... Bb4+ 11. Nfd2 ({RR} 11. Ke2 Qf5 12. Bd3 Qa5 13. a3 Be7 14. b4 Qd8 15. h4 Nf6 16. Ne5 O-O 17. g4 Qd5 18. Nxf6+ Bxf6 19. g5 Bxe5 20. dxe5 Qxe5 21. gxh6 Qh5+ 22. Kd2 Qxh6 23. Qf3 e5 24. Rag1 Be6 25. Qe4 Rad8 {Mesa Cruz,J (2139)-Clawitter,C (2050) chess.com INT 2023 0-1}) 11... Qe7 12. O-O O-O {Black has the bishop pair, but he still must complete development and find good squares for his bishops. The position is typical for the Moscow Variation, where in order to fight for advantage White must try to make use of his lead in development. But this is a difficult task, since Black is very solid and has no weaknesses.} 13. f4 $146 {Like in the first round, Carlsen shows aggression by advancing the f-pawn. On the other hand in the present situation f2-f4 is mainly designed to prevent e6-e5.} ({RR} 13. a3 Bxd2 14. Qxd2 e5 15. Rad1 exd4 16. Qxd4 c5 {½-½ (16) Ragger,M (2628)-Erdos,V (2576) Sibenik 2010}) ({RR} 13. a3 Ba5 14. Rc1 Bc7 15. Ba2 Rd8 16. f4 Nf8 17. Nf3 Bd7 18. Ne5 Be8 19. Qf3 f6 20. Nd3 Kh8 21. Ndc5 Rab8 22. Kh1 Bg6 23. Ng3 Bb6 24. b4 a5 25. Qg4 f5 26. Qe2 axb4 27. axb4 Ra8 {Gvanceladze,A (2172)-Strutinskaya,G (2298) Moscow 2012 1-0 (34)}) 13... c5 $1 {Rightly starting to open the files as soon as possible.} 14. Nf3 ({After} 14. a3 {Black equalizes with} Bxd2 15. Qxd2 Rd8 16. Rad1 Nb6) 14... Nb6 15. Bb3 cxd4 ({Much more logical than} 15... c4 {which is suggested by computer engines. With the bishop pair Black should aim for opening of the position.}) 16. Nxd4 Bd7 17. Qh5 {Aggressive, but as mentioned before Black is very solid and a direct attack can hardly succeed against a good defence.} ({Some chances to get an opening advantage remained after} 17. a3 Bc5 18. Nxc5 Qxc5 19. Rc1 Qd6 20. Qf3) 17... Rac8 $1 {Gelfand's moves are very accurate and destroy White's attacking dreams.} 18. Rf3 Nc4 $1 19. Rg3 Kh8 {A cool answer, showing that White gets nowhere with his attacking intentions.} 20. Rf1 {Clearly overestimating White's position.} ({Also after} 20. a3 Bc5 {it is Black who fights for advantage.}) 20... Nd6 $1 {Again the best move, at least from the practical point of view.} (20... Nxb2 {is a kind of move White was hoping for. Even if there is no refutation, White gets time to try developing his attack.}) 21. Nxd6 Bxd6 22. Nf3 Rc5 $1 23. Rg5 (23. Qg4 {is answered with} f5 24. Qg6 Rf6 25. Qh5 Be8 {with advantage for Black.}) 23... Rfc8 24. Rxc5 Rxc5 25. Qh4 Qxh4 26. Nxh4 {Something went clearly wrong for White. Thanks to his bishop pair Black has an obvious advantage in endgame.} Be7 27. Nf3 a5 28. Rd1 Be8 29. Nd4 a4 30. Bc2 g6 31. Kf2 e5 {A tempting move.} ({However, as a possible improvement Gelfand suggested to bring first his king with} 31... Kg7) 32. fxe5 Rxe5 33. Rd3 Rc5 34. Rc3 Rxc3 35. bxc3 {Gelfand: "With my king in the center Black would have been winning". The problem for Black is that he cannot prevent White from playing e4 and attack immediately opponent's pawn weaknesses on the queenside.} Kg7 (35... f5 36. e4 {also allows White to escape.}) (35... Bd7 36. Be4 Bc8 37. Bc2 a3 38. Kf3 {doesn't look particularly attractive for Black wither. The white king comes first to the center via e4 and d5.}) 36. Be4 f5 37. Bxb7 Bf7 38. a3 $1 {This important resource allows White to achieve the draw.} Bxa3 39. Bc6 Bb2 (39... Bb3 40. Nxb3 axb3 41. Ba4 b2 42. Bc2 $11) 40. Bxa4 Bxc3 1/2-1/2

[Event "Bazna Kings 4th"]
[Site "Medias"]
[Date "2010.06.20"]
[Round "6"]
[White "Ponomariov, Ruslan"]
[Black "Carlsen, Magnus"]
[Result "0-1"]
[WhiteElo "2733"]
[BlackElo "2813"]
[Annotator "Rogozenco,Dorian"]
[PlyCount "100"]
[EventDate "2010.06.14"]
[EventType "tourn"]
[EventRounds "10"]
[EventCountry "ROU"]
[EventCategory "20"]
[SourceTitle "CBM 137"]
[Source "ChessBase"]
[SourceDate "2010.07.15"]
[SourceVersion "1"]
[SourceVersionDate "2010.07.15"]
[SourceQuality "1"]

1. d4 {Krasenkow,Michal} Nf6 2. c4 g6 3. Nc3 Bg7 4. e4 d6 5. f3 {Ruslan had no reasons to avoid the Samisch Variation.} O-O 6. Nge2 Nbd7 ({In the third round against Ponomariov Radjabov played} 6... e5 {but failed to equalize.}) 7. Be3 c5 8. d5 Ne5 9. Ng3 h5 10. Be2 h4 11. Nf1 e6 12. Nd2 exd5 13. cxd5 Bd7 ({RR} 13... a6 14. a4 Bd7 ({RR} 14... Rb8 15. O-O Bd7 ({RR} 15... Qe8 16. a5 Bd7 17. h3 Nh7 18. f4 Bh6 19. Qe1 Qd8 20. Nd1) 16. Bg5 c4 17. Bxh4 b5 18. axb5 axb5 19. b4) ({RR} 14... Nh7 15. f4 Nd7 16. O-O Re8 17. Bd3 Nhf6 18. Qf3 Nb6 19. f5 gxf5 20. Bg5) 15. O-O ({RR} 15. Bg5 h3 16. g3 b5) ({RR} 15. O-O b5 ({RR} 15... Qc8 16. Qc2 Nh5 17. Rfe1 f5 18. exf5 Bxf5 19. Nde4 Qd7 20. Rf1 Rae8 21. Qd2 c4 22. Kh1 Rf7 23. a5 Nf6) 16. axb5 ({RR} 16. h3 c4 17. Qe1 Rc8 18. Qxh4 b4 19. Nd1) 16... axb5 17. Rxa8 Qxa8 18. Bxb5 ({RR} 18. h3 b4 19. Ncb1 Bc8) ({RR} 18. Nxb5 Bxb5 19. Bxb5 Rb8) 18... Bxb5 19. Nxb5 Qa6 20. Nc3 Rb8 21. Qc2 Nh5 ({RR} 21... Nd3 22. Nd1 Nd7) 22. b3 Rb4 23. Na2 Qe2) 15... b5 16. axb5 axb5 17. Rxa8 Qxa8 18. Bxb5 Bxb5 19. Nxb5 Qa6 20. Na3 Rb8 21. Qc2 Rb4 22. Rb1 h3 23. Qd1 hxg2 24. Kxg2 Qd3 25. Nc2 Rb8 26. b3 Nh5 27. Nc4 Qxd1 28. Rxd1 {So,W (2753)-Firouzja,A (2777) chess.com INT 2023 ½-½ (60)}) ({RR} 13... h3 14. g3 a6 15. a4 Bd7 16. O-O b5 17. Qc2 Rb8 18. axb5 axb5 19. Kh1 b4 20. Nd1 Bb5 21. Bxb5 Rxb5 22. b3 Ne8 23. Rb1 Ra5 24. Nf2 Qa8 25. Nxh3 Ra2 26. Qd1 Qa6 27. Nf2 Nc7 28. f4 {Vitak,J (2267)-Mikes,J (2349) Czech Republic CZE 2025 0-1 (63)}) ({RR} 13... a6 14. a4 Bd7 15. a5 b5 16. axb6 Qxb6 17. Ra2 Qb4 18. O-O Bb5 19. Kh1 ({RR} 19. f4) 19... Rfb8 ({RR} 19... Rfe8) 20. f4 Nc4 21. Bxc4 Bxc4 22. Ra4 Bxf1 23. Rxb4 cxb4 24. Na4 Bd3 25. Nb6 Rxb6 ({RR} 25... Ra7 26. e5) 26. Bxb6 Bxe4 ({RR} 26... Rc8) 27. Nxe4 Nxe4 28. Qe1 {Ponomariov,R (2744)-Grischuk,A (2773) Wijk aan Zee 2011 CBM 141 [Krasenkow,Michal] 1-0 (43)}) ({RR} 13... h3 14. g3 Bd7 15. a4 a6 16. a5 b5 17. axb6 Qxb6 18. Ra2 a5 19. g4 Bc8 20. g5 Ne8 21. f4 Nd7 22. f5 Bd4 23. Nc4) ({RR} 13... Nh7 14. f4 Nd7 15. O-O Re8 16. h3 f5 17. Bf2 fxe4 18. Ndxe4 Nb6 19. Bd3 Rf8 20. Be3 Bf5 21. Qd2 Kh8 22. Rae1 Bxe4 23. Bxe4 Nc4 24. Qf2 Nxe3) 14. O-O b5 $146 {Otherwise it is not easy for Black to get counterplay. However, after this pawn sac Black does not get sufficient compensation.} ({RR} 14... h3 15. g4 b5 16. g5 Ne8 17. f4 Nc4 18. Bxc4 bxc4 19. Qe2 f5 20. gxf6 Nxf6 21. Kh1 Re8 22. Rg1 Kh7 23. Qf3 Qe7 24. Rg3 Nh5 25. Rxg6 Kxg6 26. Rg1+ Kf7 27. Qxh5+ Kf8 28. f5 Qf7 29. Qxh3 {Murtazin,B (2384)-Kathmale,S (2294) Palic 2016 1-0 (36)}) 15. Nxb5 Bxb5 16. Bxb5 Rb8 17. a4 Nh5 ({After} 17... a6 18. Bxa6 Rxb2 19. Rb1 {White exchanges Black's most active piece and remains with a a healthy extra pawn.}) 18. f4 $1 Nd7 19. Qg4 a6 {The first critical moment of the game.} 20. Bxa6 ({The simplest practical solution was} 20. Bxd7 Nf6 21. Qxh4 Qxd7 22. f5 Rxb2 23. Bg5 {with large advantage for White.}) ({Also good is} 20. Bc6) 20... Rxb2 21. Rab1 Rxd2 $1 {Magnus felt that this exchange sac is Black's only chance to complicate matters.} 22. Bxd2 Bd4+ {The second critical position.} 23. Rf2 $2 {This is actually just a blunder.} ({After} 23. Kh1 {Black has many tricks, but White is able to defend and keep the advantage. Few variations are:} Ndf6 24. Qf3 {It is also possible to take the pawn.} (24. Qxh4 Nxe4 25. Be1 $1 {and White is better. If} Kg7 {then} 26. g4) 24... Ng3+ ({doesn't work:} 24... Nxe4 25. Qxe4 Ng3+ 26. hxg3 hxg3 27. f5 $18) 25. hxg3 hxg3 26. Be1 Nxe4 27. Bxg3 Nxg3+ 28. Qxg3 Kg7 29. Rf2 $1 {and although Black still keeps the initiative, it is hardly sufficient to compensate for the missing material.}) 23... Bxf2+ 24. Kxf2 Ndf6 25. Qf3 Qe8 $1 {As Ponomariov admitted after the game, he missed this double attack. Black wins back the pawn and remains with a better position.} 26. e5 Qxa4 27. exf6 Qxa6 28. Bc3 Qc8 ({Black had a tactical solution to win White's weak pawns:} 28... Qc4 29. f5 Nxf6 $1 30. Kg1 (30. Bxf6 {runs into} Qc2+) 30... Ne4 {and White is in troubles.}) 29. Kg1 ({The last chance for White was} 29. f5 $1 Qxf5 30. Qxf5 gxf5 31. Rb6 Rd8 32. Kf3 Rd7 33. Rb8+ Kh7 34. g4 hxg3 35. hxg3 {and the activity of white pieces would have secured good chances to escape with a draw.}) 29... Qf5 30. Rf1 Re8 31. Ba1 Ra8 32. Qe3 Kh7 33. Bb2 Rb8 34. Bc1 Rb1 {After Black activated the rook he is winning.} 35. Qe8 Qxd5 36. f5 gxf5 37. Qe3 Qd4 38. Qxd4 cxd4 39. Bg5 Rxf1+ 40. Kxf1 h3 $1 41. gxh3 (41. g3 Kg6 {changes nothing, of course.}) 41... Kg6 42. Bh4 Nf4 43. Bg3 Kg5 44. Bf2 Ne6 45. Ke2 f4 46. Kf3 d3 47. h4+ Kf5 48. Bb6 Nc5 49. h5 d2 50. Ke2 Ne4 0-1

[Event "Bazna Kings 4th"]
[Site "Medias"]
[Date "2010.06.22"]
[Round "8"]
[White "Gelfand, Boris"]
[Black "Carlsen, Magnus"]
[Result "1/2-1/2"]
[WhiteElo "2741"]
[BlackElo "2813"]
[Annotator "Rogozenco,Dorian"]
[PlyCount "65"]
[EventDate "2010.06.14"]
[EventType "tourn"]
[EventRounds "10"]
[EventCountry "ROU"]
[EventCategory "20"]
[SourceTitle "CBM 137"]
[Source "ChessBase"]
[SourceDate "2010.07.15"]
[SourceVersion "1"]
[SourceVersionDate "2010.07.15"]
[SourceQuality "1"]

1. d4 d5 2. c4 e6 3. Nc3 Be7 {Magnus shows a mature approach: considering the tournament situation, the Norwegian chooses the solid Queen's Gambit Accepted.} 4. Bf4 Nf6 5. e3 O-O 6. Nf3 Nbd7 {One of the main moves. Nevertheless the main theoretical direction is 6...c5.} 7. c5 c6 8. Bd3 b6 9. b4 a5 10. b5 ({RR} 10. a3 Ba6 11. Bxa6 Rxa6 12. O-O Qa8 13. Rb1 Qb7 14. Ne1 axb4 15. axb4 Rfa8 16. Qc2 b5 17. h3 h6 18. Nd3 Bd8 19. f3 Bc7 20. Rfe1 Ra3 21. Qd2 Qb8 22. Ne2 e5 23. dxe5 Nxe5 24. Bxe5 Bxe5 {Nakamura,H (2788)-Lazavik,D (2566) chess.com INT 2024 1-0 (44)}) 10... Bb7 ({After} 10... cxb5 11. c6 {White gets a strong passed pawn. In this concrete situation Black can use the fact that the white king is on e1 and continue} Bb4 12. Rc1 Ne4 {but still the strong c-pawn should secure White better chances after} 13. Bxe4 dxe4 14. Nd2) 11. cxb6 ({RR} 11. bxc6 Bxc6 12. cxb6 Qxb6 13. Rb1 Bb4 14. O-O Qa7 15. Nb5 Bxb5 16. Bxb5 Ne4 17. Qd3 Rfc8 18. Rbc1 Bd6 19. Bxd6 {½-½ (19) Gelfand,B (2751)-Ivanchuk,V (2754) Khanty-Mansiysk 2010}) 11... Qxb6 $146 ({RR} 11... Nxb6 12. bxc6 Bxc6 13. O-O Bb4 14. Rc1 Qe8 15. Ne5 Na4 16. Nxc6 Nxc3 17. Qb3 Qxc6 18. a3 Qd7 19. axb4 axb4 20. Ra1 Qe7 21. h3 h6 22. f3 Nd7 23. Bc7 Rfc8 24. Ra5 e5 25. Bf5 exd4 26. Rxa8 {Manish,A (2236)-Utsab,C (2324) Gurugram 2022 0-1 (36)}) ({RR} 11... Nxb6 12. bxc6 Bxc6 13. O-O Bb4 14. Rc1 Qe8 15. Ne5 Na4 16. Nxc6 Nxc3 17. Qb3 Qxc6 18. a3 Qd7 19. axb4 axb4 20. Ra1 Qe7 21. h3 h6 22. f3 Nd7 23. Bc7 Rfc8 24. Ra5 e5 25. Bf5 exd4 26. Rxa8 {Manish,A (2236)-Utsab,C (2324) Gurugram 2022 0-1 (36)}) 12. O-O Rfc8 13. bxc6 Bxc6 14. Rb1 Qd8 15. Qe2 Ne4 16. Rfc1 {It seems that the game will reach a draw without any complications.} Ndf6 {This move invites Gelfand to start a forced play.} (16... Bb4 {was objectively better, with equality.}) 17. Ba6 Ba3 (17... Bb7 18. Bxb7 Nxc3 19. Qc2 {favours White.}) ({A possible alternative to the game was} 17... Nxc3 18. Rxc3 Bb7 19. Rxc8 Bxc8 20. Bd3 Bd7 {and Black is only slightly worse.}) 18. Rc2 Rxa6 19. Qxa6 Ba4 20. Nxa4 Rxc2 {After a more or less forced sequence of moves we reach the critical position where in spite of multiple attractive possibilities, there is no clear way for White to achieve advantage.} 21. h3 ({The alternatives were:} 21. Qd3 Rc1+ 22. Rxc1 Bxc1 {with a small plus for White}) ({Or} 21. Ne1 Rc8 22. Nb6 Rc3 23. Qxa5 Bf8 {and Black has compensation due to the lack of coordination between white pieces.}) 21... Bf8 22. Nc5 h6 (22... Rxf2 {loses due to} 23. Nxe6 fxe6 24. Qxe6+ Kh8 25. Rb8) 23. Qa7 (23. a4 Qe7 24. Qxa5 Nxc5 25. dxc5 Qxc5 26. Qxc5 Bxc5 {is also not problematic for Black.}) 23... Bxc5 $1 ({Both players came to the conclusion that after} 23... Nxc5 24. Rb8 Qd7 25. Qa8 Qe7 ({Not} 25... Nce4 $2 26. Rxf8+ Kh7 27. Ne5) 26. dxc5 Qxc5 27. Ne5 {White's initiative is worth more than a pawn.}) 24. dxc5 Rxc5 25. Rb8 Rc8 26. Bc7 ({Here White had a nice way to make a draw, which was objectively the best continuation:} 26. Ne5 Rxb8 27. Qxf7+ Kh8 ({or} 27... Kh7 28. Qg6+) 28. Ng6+ Kh7 29. Bxb8 Qxb8 30. Nf8+ Kh8 31. Ng6+ Kh7 $11) 26... Qe8 27. Rxc8 Qxc8 28. Bxa5 (28. Qxa5 Ne8 {is also slightly better for Black}) 28... Qc1+ 29. Be1 Nd2 $1 ({Gelfand considered only} 29... Ng5 {which is equal after} 30. Qb8+ Kh7 31. Nxg5+ hxg5 32. Qb4) 30. Nxd2 Qxe1+ 31. Nf1 Ne4 32. Qb8+ Kh7 33. Qb2 ({In fact Carlsen could have continued the game with} 33. Qb2 Qd1 {and White still must play accurately before reaching the draw. But Carlsen didn't think that Black has any advantage and therefore after a relatively long thought he accepted the draw offer.}) 1/2-1/2

[Event "Bazna Kings 4th"]
[Site "Medias"]
[Date "2010.06.25"]
[Round "10"]
[White "Wang, Yue"]
[Black "Carlsen, Magnus"]
[Result "0-1"]
[WhiteElo "2752"]
[BlackElo "2813"]
[Annotator "Rogozenco,Dorian"]
[PlyCount "94"]
[EventDate "2010.06.14"]
[EventType "tourn"]
[EventRounds "10"]
[EventCountry "ROU"]
[EventCategory "20"]
[SourceTitle "CBM 137"]
[Source "ChessBase"]
[SourceDate "2010.07.15"]
[SourceVersion "1"]
[SourceVersionDate "2010.07.15"]
[SourceQuality "1"]

1. d4 Nf6 2. c4 g6 3. Nc3 d5 4. cxd5 Nxd5 5. Bd2 Bg7 6. e4 Nb6 7. Be3 O-O 8. Bb5 {The chess of 21st century. The classic masters of the past would have hardly thought to place the bishop to b5 like this. Indeed, the move 8.b5 appeared in practice only in 2001 and since then it became amazingly popular. White's idea is to prevent Black from placing the knight to c6. A move like 8.. .a6 weakens a bit the knight from b6. However, fashion comes and goes: in my opinion this sortie of the bishop looks somewhat artificial. Wang Yue certainly has a different opinion though, as he played 8.b5 before.} Be6 ({Here is a possible variation where White is using the drawbacks of the advance 8...a6:} 8... a6 9. Be2 Nc6 10. d5 Ne5 11. Bd4 c5 12. Bxc5 Nec4 13. Qb3 {and with the pawn on a7 Black would have taken on b2 followed by Na4. Here is doesn't work:} Nxb2 14. Bxb6 Bxc3+ 15. Kf1 $1 Qd6 16. Rb1 {and Black is in troubles.}) 9. Nge2 c6 {A logical novelty. Before placing the knight to c4 Black tries to win a tempo.} ({After the immediate} 9... Nc4 {White can either take on c4, which is a slightly more favorable version for White than the game (since the black pawn is on c7 instead of c6), or another possibility is} 10. Bc1 c6 11. Ba4 {as in the game Bosch,J (2444)-Nijboer,F (2556)/Leeuwarden 2002.}) ({In case of} 9... Bc4 {White can continue} 10. O-O Bxb5 11. Nxb5 {with some edge.}) 10. Bd3 Nc4 11. Bxc4 Bxc4 12. O-O $146 ({RR} 12. Qd2 e5 13. d5 Qa5 14. O-O f5 15. f3 cxd5 16. exd5 Nd7 17. Rfd1 Rac8 18. b4 Qxb4 19. Rab1 Qa5 20. Rxb7 Nc5 21. Rxg7+ Kxg7 22. Bh6+ Kg8 23. Bxf8 Rxf8 24. Qe3 Bxe2 25. Nxe2 e4 26. Nf4 exf3 {Kavutskiy,K (2301)-Larson,M Saint Louis 2012 1-0 (35)}) 12... Nd7 13. Qd2 Qa5 14. Rfd1 Rad8 {Black has two bishops and can create pressure on d4. The position is close to equal, but it is rather White who should play accurately. The Chinese Grandmaster failed to do so.} 15. Bh6 {An obvious desire to exchange "the monster" from g7, especially because Black enjoys the bishop pair.} (15. b3 Ba6 16. Bh6 {was a possible alternative: with the white pawn on b3 the entire plan with b6 (which happened in the game) loses its attractiveness.}) 15... Bxe2 16. Nxe2 $6 {The start of all White's problems.} ({Why not the simple} 16. Bxg7 {exchanging the dark-squared bishops? White has little to fear after that. Here are few sample variations:} Bxd1 (16... Kxg7 17. Qxe2 $11) 17. Bxf8 Nxf8 18. Rxd1 Ne6 19. d5 Nc7 (19... cxd5 20. Nxd5 Qxd2 21. Rxd2 Kg7 22. Rc2 Nf4 23. Ne3 $11) 20. h4 cxd5 21. exd5 h5 22. Qg5 $11) 16... Qxd2 17. Bxd2 Nb6 18. Bc3 Rd7 {The endgame is quite unpleasant for White. Black's plan is to double rooks on the d-file and then use the pin of the d4-pawn by playing e7-e5. Apart from that Black can also disturb opponent's pawn center with f7-f5.} 19. b3 f5 20. f3 Rfd8 {The threat is 21...e5.} 21. Re1 fxe4 22. fxe4 e5 $1 {Still! A very energetic play by Carlsen.} 23. dxe5 Rd3 {Black plans d7xe5.} 24. g3 $6 {It only weakens further White's position.} ({White can try a move like} 24. Bb2 {in order to meet 24...d7 with 25.f4. If} Rd2 (24... g5 $5) 25. Bc3 Rc2 26. Rac1 Rxa2 27. Ra1 Rxa1 28. Rxa1 Ra8 29. Bd4 Nd7 30. Rxa7 Rxa7 31. Bxa7 {White should be able to escape, since Black cannot lock the bishop yet with 31. ..b6 or 31...c5 in view of 32.e6.}) 24... Nd7 25. e6 Bxc3 26. Nxc3 Ne5 27. Red1 Kf8 {Now the position is already difficult for White. At least from the practical point of view Black's chances to win are probably higher than White's chances to draw.} 28. Rac1 Ke7 29. Rxd3 Rxd3 30. Rc2 Nf3+ 31. Kf1 Nd4 32. Rc1 Kxe6 33. Rd1 Rxc3 34. Rxd4 Rc2 35. a4 (35. Ra4 a6 36. h4 Ke5 {is a zugzwang for White: the rook must protect both a2 and e4, the king must control g2 and e2. The outcome is clear, Black wins.}) 35... Rxh2 36. a5 Rh5 37. b4 Rh2 38. a6 b5 39. e5 Ra2 40. Rd6+ Kxe5 41. Rxc6 Kf5 42. Rc7 Rxa6 43. Rxh7 Kg4 44. Kf2 Ra2+ 45. Ke3 g5 46. Rg7 Rb2 47. Rxa7 Kxg3 0-1